Birmingham Midshires Mortgage Services Ltd v Sabherwal (Record no. 64546)

MARC details
000 -LEADER
fixed length control field 01310cam a2200217 4500
001 - CONTROL NUMBER
control field ABS62792
008 - FIXED-LENGTH DATA ELEMENTS--GENERAL INFORMATION
fixed length control field 000000n2000 000 0 eng u
035 ## - SYSTEM CONTROL NUMBER
System control number (Sirsi) u108033
245 ## - TITLE STATEMENT
Title Birmingham Midshires Mortgage Services Ltd v Sabherwal
260 ## - PUBLICATION, DISTRIBUTION, ETC.
Date of publication, distribution, etc. 2000
490 ## - SERIES STATEMENT
Series statement Property and Compensation Reports
Volume/sequential designation [2000] 80 P&CR 256-263(5)
520 ## - SUMMARY, ETC.
Summary, etc. CA 17 December 1999. S's two sons purchased a house funded by family savings and a mortgage from Barclays. House registered in sons names but S was entitled to a significant equitable interest in the house. BMMS made a loan to the sons, part of which was used to pay off the mortgage. S signed a form of consent agreeing that any rights she jhad were to be postponed and made subject to BMMS's rights under its charges. Sons defaulted on the loan and possession proceedings were started. S calimed an equitable interest as a tenant in common. Judge held S's equitable interest had been overreached by BMMS's charges. S appealed. "Held" appeal dismissed.
590 ## - LOCAL NOTE (RLIN)
Local note ABS
650 ## - SUBJECT ADDED ENTRY--TOPICAL TERM
Topical term or geographic name entry element BIRMINGHAM MIDSHIRES MORTGAGE SERVICES LTD V SABHERWAL
650 ## - SUBJECT ADDED ENTRY--TOPICAL TERM
Topical term or geographic name entry element TRUSTS OF LAND AND APPOINTMENT OF TRUSTEES ACT 1996
650 ## - SUBJECT ADDED ENTRY--TOPICAL TERM
Topical term or geographic name entry element EQUITABLE INTEREST
650 ## - SUBJECT ADDED ENTRY--TOPICAL TERM
Topical term or geographic name entry element TRUSTS
650 ## - SUBJECT ADDED ENTRY--TOPICAL TERM
Topical term or geographic name entry element POSSESSION
690 ## - LOCAL SUBJECT ADDED ENTRY--TOPICAL TERM (OCLC, RLIN)
Topical term or geographic name as entry element PROPERTY AND LAND LAW-CASE LAW
942 ## - ADDED ENTRY ELEMENTS (KOHA)
Suppress in OPAC 0
Holdings
Withdrawn status Lost status Source of classification or shelving scheme Damaged status Not for loan Home library Current library Shelving location Date acquired Total Checkouts Full call number Barcode Date last seen Copy number Price effective from Koha item type
    Dewey Decimal Classification     London London Journal article 30/08/2000   ABS62792 108033-1001 06/08/2019 1 06/08/2019 Law report